| 000 | 00734nam a22002297a 4500 | ||
|---|---|---|---|
| 999 |
_c123755 _d123755 |
||
| 005 | 20181218131448.0 | ||
| 010 | _aB-120773 | ||
| 020 |
_a9788172731281 _c650.00 |
||
| 035 | _aB-120773, B-120777, B-120774 | ||
| 037 | _bCen Lib/Ret | ||
| 082 | _a374 | ||
| 100 | _aJagannath,V.K. | ||
| 245 |
_aFuture of distance learning : _bDesigning interactivity / _cby V.K.Jagannath |
||
| 260 |
_aDelhi _bAuthorspress _c2003 |
||
| 270 |
_aE-35/103Jawahar park Laxmi nagar _b Delhi _e110092 |
||
| 300 |
_avi,343p. _c21cm(Hb) |
||
| 500 | _aIncludes bibliographical reference and index | ||
| 650 | _aEducation - distance learning | ||
| 650 | _aDistance learning-global trads | ||
| 942 |
_2ddc _cEN _h374 _mJAG |
||